| 000 | 00559cab a2200181 4500 | ||
|---|---|---|---|
| 001 | WB2626-42 | ||
| 008 | 090401t1990 xxu||||| |||| 00| 0 eng d | ||
| 035 | _a(Sirsi) u3362 | ||
| 041 | _aeng | ||
| 245 | _aNatural justice | ||
| 260 | _c1990 | ||
| 350 | _a0 | ||
| 490 |
_aEGCS _v1990 86 |
||
| 520 | _aCadbury Schweppes Pension Trust Ltd v SoS for the Environment and another QBD 22 June 1990 points to a breach of natural justice under Town and Country Planning Act 1971 s245 . | ||
| 690 | _aPLANNING LAW AND PRACTICE | ||
| 942 | _n0 | ||
| 948 | _c04/03/1997 | ||
| 999 |
_c2062 _d2062 |
||